Normal view
MARC view
Entry Personal Name
001 - CONTROL NUMBER
- control field: 35831
003 - CONTROL NUMBER IDENTIFIER
- control field: dpl
005 - DATE AND TIME OF LATEST TRANSACTION
- control field: 20111115151056.0
008 - FIXED-LENGTH DATA ELEMENTS
- fixed length control field: 111115|||a|||||| | ||| d
040 ## - CATALOGING SOURCE
- Original cataloging agency: dpl
- Transcribing agency: dpl
100 ## - HEADING--PERSONAL NAME
- Personal name: परुळकर, दुर्गेश जयवंत
670 ## - SOURCE DATA FOUND
- Source citation: Work cat.: (dpl): 35655 शेवडे,सच्चिदानंद सुरेश, पानिपतचा रणसंग्राम /, 2011
670 ## - SOURCE DATA FOUND
- Source citation: Work cat.: (dpl): 35655 शेवडे,सच्चिदानंद सुरेश, पानिपतचा रणसंग्राम /, 2011
